Central Library OPAC University of Rajshahi

The technology of ceramics and refractories / (Record no. 17132)

MARC details
000 -LEADER
fixed length control field 00676nam a22002172 4500
001 - CONTROL NUMBER
control field 17132
003 - CONTROL NUMBER IDENTIFIER
rucl marc code BD-RjUL
005 - DATE AND TIME OF LATEST TRANSACTION
control field 20211209000107.0
008 - FIXED-LENGTH DATA ELEMENTS--GENERAL INFORMATION
fixed length control field 140216t1964 enk 000 0 eng d
035 ## - SYSTEM CONTROL NUMBER
System control number (BD-RjUL)17189
040 ## - CATALOGING SOURCE
Original cataloging agency EUN
Transcribing agency EUN
Modifying agency EQO
-- BD-RjUL
Language of cataloging eng
041 ## - LANGUAGE CODE
Language code of text/sound track or separate title eng
082 04 - DEWEY DECIMAL CLASSIFICATION NUMBER
Classification number 666
Author mark and year BUT 1964
100 1# - MAIN ENTRY--PERSONAL NAME
Personal name Budnikov, P. P.
Fuller form of name (Petr Petrovich),
Dates associated with a name 1885-1968.
9 (RLIN) 52847
245 14 - TITLE STATEMENT
Title The technology of ceramics and refractories /
Statement of responsibility, etc. P.P. Budnikov ; translation by Scripta Technica.
260 ## - PUBLICATION, DISTRIBUTION, ETC. (IMPRINT)
Place of publication, distribution, etc. Cambridge :
Name of publisher, distributor, etc. M.I.T.,
Date of publication, distribution, etc. c1964.
300 ## - PHYSICAL DESCRIPTION
Pagination viii, 647 p. :
Illustrations ill. ;
Size 25 cm.
650 #0 - SUBJECT ADDED ENTRY--TOPICAL TERM
Topical term or geographic name as entry element Ceramics.
9 (RLIN) 28816
Topical term or geographic name as entry element Refractory materials.
9 (RLIN) 52848
942 ## - ADDED ENTRY ELEMENTS (KOHA)
Source of classification or shelving scheme Dewey Decimal Classification
Koha item type Books
Holdings
Lost status Source of classification or shelving scheme Damaged status Not for loan Collection code Permanent Location Current Location Shelving location Date acquired Source of acquisition Total Checkouts Full call number Date last seen Date checked out Copy number Koha item type
  Dewey Decimal Classification     Non-fiction Central Library, University of Rajshahi Central Library, University of Rajshahi   12/08/1968 Sweets & Zeitlinger 1 666 BUT 1964 13/05/2018 24/04/2018 C-5 Books
  Dewey Decimal Classification     Non-fiction Central Library, University of Rajshahi Central Library, University of Rajshahi   12/08/1968 Zeitlinger   666 BUT 1964 06/11/2016   C-3 Books
  Dewey Decimal Classification     Non-fiction Central Library, University of Rajshahi Central Library, University of Rajshahi   12/08/1968 Swets & Zeitlinger   666 BUT 1964 17/11/2019   C-2 Books
  Dewey Decimal Classification     Non-fiction Central Library, University of Rajshahi Central Library, University of Rajshahi   12/08/1968 Swets & Zeitlinger   666 BUT 1964 17/11/2019   C-4 Books
  Dewey Decimal Classification   Not For Loan Non-fiction Central Library, University of Rajshahi Central Library, University of Rajshahi Reading Room 18/05/1968 central aid scientific book programe   666 BUT 1964 17/11/2019   C-1 Books
  Dewey Decimal Classification     Non-fiction Central Library, University of Rajshahi Central Library, University of Rajshahi   12/08/1968 Swets & Zeitlinger   666 BUT 1964 17/11/2019   C-6 Books